SIPRI Yearbook 1997 : (Record no. 584010)

MARC details
000 -LEADER
fixed length control field 00502nam a2200181 a 4500
008 - FIXED-LENGTH DATA ELEMENTS--GENERAL INFORMATION
fixed length control field 250823s1997##################000#0#eng##
020 ## - INTERNATIONAL STANDARD BOOK NUMBER
ISBN 9780198293125
082 04 - DEWEY DECIMAL CLASSIFICATION NUMBER
Classification number 050
Item number STO
100 1# - MAIN ENTRY--AUTHOR NAME
Personal name Institute, Stockholm International Peace Research,
245 10 - TITLE STATEMENT
Title SIPRI Yearbook 1997 :
260 ## - PUBLICATION, DISTRIBUTION, ETC. (IMPRINT)
Name of publisher SIPRI Yearbook,
Year of publication 1997.
650 #0 - SUBJECT ADDED ENTRY--TOPICAL TERM
Topical Term Political Science.
942 ## - ADDED ENTRY ELEMENTS (KOHA)
Koha item type English Books
Holdings
Withdrawn status Lost status Damaged status Not for loan Home library Current library Shelving location Date acquired Full call number Accession Number Price effective from Koha item type
        Anna Centenary Library Anna Centenary Library 3RD FLOOR, A WING 26.08.2025 050 STO 189943 26.08.2025 English Books

Find us on the map